000 00830cam a2200265 a 4500
001 9153976
003 ARRUPE
005 20161004103356.0
008 830608s1874 nyu 000 0 eng
010 _a 08031540
040 _aDLC
_cCarP
_dDLC
050 0 0 _aHM585
_b.S668 1874
100 1 _aSpencer, Herbert,
_d1820-1903.
_925186
245 0 4 _aThe study of sociology /
_cby Herbert Spencer.
260 _aMemphis :
_bGeneral Books,
_c2012.
300 _a136 p. ;
_c25 cm.
500 _aPublished originally in 1874
561 _5DLC
650 0 _aSociology.
_926403
650 0 _aSociology
_xStudy and teaching
_926404
906 _a7
_bcbc
_cpremver
_d1
_encip
_f19
_gy-gencatlg
942 _2lcc
_cMONOGRAPH
999 _c125417
_d125417